| 000 | 01545cam a22004814i 4500 | ||
|---|---|---|---|
| 003 | PE-LiUPU | ||
| 005 | 20251222150009.0 | ||
| 008 | 150616s r 000 0 d | ||
| 035 | _a(Sirsi) a6255 | ||
| 035 | _a(Sirsi) a6255 | ||
| 040 |
_aPE-LiUPU _bspa _cPE-LiUPU _erda |
||
| 049 | _aPRUA | ||
| 082 | 0 | 4 |
_a248.03 _bD545 _223 |
| 245 | 1 | 0 |
_aDiccionario de la Teología Práctica : _bMayordomía / _ceditor general: Rodolfo G. Turnbull.; traducido por Norberto Wolf. |
| 264 | 1 |
_aMéxico, D. F. : _bLa Antorcha de México, _c1976. |
|
| 300 |
_a69 páginas ; _c23 cm. |
||
| 336 |
_atext _2rdacontent |
||
| 337 |
_aunmediated _2rdamedia |
||
| 338 |
_avolume _2rdacarrier |
||
| 490 | 0 | _aDiccionario de la Teología Práctica: Mayordomía | |
| 505 | 0 | _aEl Ministro y su responsabilidad en la mayordomía -- El presupuesto de la iglesia y la mayordomía -- El dinero y la obra misionera -- El laico como fiel mayordomo -- Mayordomía. | |
| 526 | _aSEG44 | ||
| 526 | _aSEG26 | ||
| 526 | _aP151 | ||
| 526 | _aP150 | ||
| 526 | _aP149 | ||
| 526 | _aP146 | ||
| 526 | _aP145 | ||
| 526 | _aP126 | ||
| 526 | _aP125 | ||
| 526 | _aP92 | ||
| 526 | _aP75 | ||
| 526 | _aP74 | ||
| 526 | _aP27 | ||
| 526 | _aP15 | ||
| 650 | 1 | 4 |
_aMayordomía cristiana _xDiccionarios _97750 |
| 650 | 2 | 4 |
_aTeología práctica _xDiccionarios _97751 |
| 700 |
_aTurnbull, Rodolfo G., _eeditor. _97749 |
||
| 910 | _ajck | ||
| 942 |
_2ddc _cBK |
||
| 980 |
_818226 _gJaime Vilcazán Jefe de Análisis Documental |
||
| 999 |
_c57368 _d57368 |
||